00876 a2200217 45000010006000000050017000060080041000230030015000640400040000790800033001192450037001520200018001892640037002073000019002445050229002630410008004921000026005007000019005267000018005458560095005635699720260407155832.0260407a1988 arg spa dAR-UNSa-BCEJYS aAR-UNSa-BCEJYSbspacAR-UNSa-BCEJYS a330.101.542xMicroeconomía10aFundamentals of public economics a0-262-12127-1 1aCambridge :bThe MIT Pressc1988 a275 p.c23 cm. a1. Externalities – 2. Public Goods – 3. Nonconvexities – 4. Collective Choice Theory – 5. Incomplete Information and Public Economics – 6. Cost-Benefit Analysis – 7. Introduction to the Theory of the Second Best  aspa1 aLaffont, Jean-Jacques1 aBonin, John P.1 aBonin, Helene41uhttps://biblioeco.unsa.edu.ar/pmb/images/libros/L128637.jpgyImagen de portadaqimage/jpeg